Normal view
MARC view
- Creación
Entry Materia
001 - NÚMERO DE CONTROL DEL REGISTRO
- campo de control: 11404
003 - IDENTIFICADOR DE NUMERO DE CONTROL
- campo de control: UPN
005 - FECHA Y HORA DE LA ÚLTIMA TRANSACCIÓN
- campo de control: 20221019142953.0
008 - DATOS DE LONGITUD FIJA
- campo de control de longitud fija: 221019n||acznnbabn | ana |d
035 ## - NÚMERO DE CONTROL DEL SISTEMA
- Número de control del sistema: UPN10000011411
040 ## - FUENTE DE LA CATALOGACIÓN
- Centro catalogador de origen: UPN
- Lengua de catalogación: spa
- Agencia de transcripción: UPN
046 ## - FECHAS CON CODIFICACIÓN ESPECIAL
- Fecha final para contenidos agregados: 2022
150 ## - ENCABEZAMIENTO - TEMÁTICO
- Término de materia o nombre geográfico como elemento inicial: Creación
670 ## - FUENTE EN LA QUE SE LOCALIZARON DATOS
- Cita de la fuente: DGB UNAM, 19 octubre 2022:
- Información localizada: (encabezamiento: Creación)
902 ## - CATALOGADOR
- Catalogador: MMA/190598
